Score 0/24 Timer 03:00
0 Plays Today
Hint Answer % Correct
In ____ Blood - CapoteCold
97.1%
The ____ Comedy - DanteDivine
89.3%
A Portrait of the Artist as a ____ Man - JoyceYoung
89%
The ____ Lieutenant's Woman - FowlesFrench
82.2%
The ____ Bones - SeboldLovely
81.3%
____ Times - DickensHard
80.8%
The ____ Fields of Ordinary - BurdVast
80.1%
The ____ American - GreeneQuiet
73.7%
____ Man - EllisonInvisible
70.9%
____ Teeth - SmithWhite
64%
The ____ Drum - GrassTin
62.3%
The ____ Lightness of Being - KunderaUnbearable
61.1%
Hint Answer % Correct
The ____ Kool-Aid Acid Test - WolfeElectric
57.8%
Jude the ____ - HardyObscure
55.5%
The God of ____ Things - RoySmall
54.3%
The ____ Adventures of Kavalier & Clay - ChabonAmazing
52.4%
____ Wood - MurakamiNorwegian
46.2%
The ____ Notebook - LessingGolden
36.4%
Dream of the ____ Chamber - XueqinRed
29.6%
The ____ Wondrous Life of Oscar Wao - DíazBrief
25.4%
The Year of ____ Thinking - DidionMagical
25.2%
____ Fire - NabokovPale
23%
The Four ____ Men - WallaceJust
21.9%
The ____ World - JonesKnown
11.1%

Today's Daily Dose

Remove Ads.
Support Sporcle.
Get the best of Sporcle when you Go Orange. This ad-free experience offers more features, more stats, and more fun while also helping to support Sporcle. Thank you for becoming a member.

You're not logged in!

Compare scores with friends on all Sporcle quizzes.
OR
Log In

Show Comments

Extras

Top Quizzes Today


Score Distribution

Your Account Isn't Verified!

In order to create a playlist on Sporcle, you need to verify the email address you used during registration. Go to your Sporcle Settings to finish the process.

Report this User

Report this user for behavior that violates our Community Guidelines.

Details: